000 00618nam a2200229Ia 4500
003 OSt
005 20221006145442.0
006 a|||||r|||| 00| 0
007 ta
008 221006b |||||||| |||| 00| 0 eng d
024 _a14,866
037 _bGift,
_cTextual
040 _aEASL
_cEASL
_beng
041 _2eng
_aeng
082 _aO41,3xM80, M11-;1
100 _aYUANQING Tao
245 0 _aLu xun
_b Call to arms
260 _aBeijing
_bForeign Languages Press
_c1981
300 _a149p.
_ccm.
942 _hO41,3xM80, M11-;1
_cTEXL
_2CC
999 _c1082952
_d1082952